|
|
|
|
| LEADER |
00000cam a2200000 7i4500 |
| 001 |
0000290621 |
| 005 |
20241025161109.0 |
| 006 |
a# ###### ####### |
| 007 |
t |
| 008 |
220301t20202020xxk# ### |
| 020 |
|
|
|a 9781789891157
|
| 040 |
|
|
|a MBPJ
|b eng
|c MBPJ
|e rda
|
| 090 |
0 |
0 |
|a JF
|b WON
|
| 245 |
1 |
0 |
|a WONDERFUL WORDS :
|b On the GO!
|c Illustrated by Ailie Busby
|
| 264 |
|
1 |
|a Essex :
|b Miles Kelly Publishing Ltd.
|c 2020
|
| 264 |
|
4 |
|c ©2020
|
| 300 |
|
|
|a 48 pages :
|b colour illustrations ;
|c 26 cm.
|
| 336 |
|
|
|a text
|2 rdacontent
|
| 337 |
|
|
|a unmediated
|2 rdamedia
|
| 338 |
|
|
|a volume
|2 rdacarrier
|
| 490 |
0 |
|
|a Wonderful words
|
| 650 |
|
0 |
|a Transportation
|x Pictorial works
|x Juvenile literature
|
| 650 |
|
0 |
|a Vocabulary
|v Pictorial works
|v Juvenile literature
|
| 700 |
1 |
|
|a Busby, Ailie ,
|e illustrator
|
| 999 |
|
|
|a 00389940
|b BUKU
|c PINJAMAN
|e PERPUSTAKAAN KOMUNITI CAW KOTA DAMANSARA
|
| 999 |
|
|
|a 00395560
|b BUKU
|c PINJAMAN
|e PERPUSTAKAAN KOMUNITI PETALING JAYA
|